Ultimate Rock Climbing Quiz - Statistics

General Stats
  • This quiz has been taken 18 times
    12 since last reset
  • The average score is 22 of 30
Answer Stats
Hint Answer % Correct
First climber to flash 9a+ and redpoint 9c Adam Ondra
100%
Climber who free soloed El Capitan Alex Honnold
100%
First V17 Burden of Dreams
100%
Technique where you hang upside down using two toe-hooks bat-hang
90%
Controversial hold type used primarily in competition climbing Dual-tex/No-tex
90%
Movement where all four limbs come off the wall dyno
90%
Youtuber that played a big part in climbing's global popularity Magnus Midtbo
90%
Hold with no incut edge sloper
90%
Route going left/right instead of just straight up traverse
90%
Font-scale equivalent to V10 7c+
80%
First ascenter of Bibliographie, regarded as the strongest climber in the world Alex Megos
80%
Route on which El Capitan was free soloed Freerider
80%
Best competition climber of all time Janja Garnbret
80%
Climber with the most V17 ascents Will Bosi
80%
Regarded as the hardest big wall in the world Dawn Wall
70%
Only climber besides Adam Ondra to have climbed v17 boulder and 9c route Jakob Schubert
70%
Pocket with space for one finger only mono
70%
Legendary crack-climber, possibly best in the world Pete Whittaker
70%
V11 boulder in Fontainebleau, featuring a giant step-up dyno Rainbow Rocket
70%
Japanese comp climber known for his extremely dynamic style Tomoa Narasaki
70%
V17 British boulderer, first ascented Spots of Time, strongest fingers in the world Aidan Roberts
60%
Most repeated V17 Alphane
60%
Legendary British climber who invented the Moonboard Ben Moon
60%
Footwork move, compressing one hold between both feet usually on steep terrain Bicycle
60%
V16 first ascented by Adam Ondra suggested to be world's first V17 Terranova
60%
9a+ route in Mallorca with a big double dyno, famously deep-water soloed by Chris Sharma Es Pontas
50%
YouTube channel documenting all the new ascents of the hardest boulders Mellow
50%
Famous boulder, featuring a campus rose-move Off the Wagon
50%
Most used bouldering shoe in the comp-climbing Scarpa Drago
50%
First 9a route Action Directe
40%
No matching quizzes found
Score Distribution
Percent of People with Each Score
Percentile by Number Answered
Your Score History
You have not taken this quiz since the last reset